বাংলাদেশের দারিদ্র্য নিরসনে কৌশলপত্র(পিআরএসপি) : (Record no. 71334)
[ view plain ]
| 000 -LEADER | |
|---|---|
| fixed length control field | 01417nam a2200265 a 4500 |
| 001 - CONTROL NUMBER | |
| control field | 71334 |
| 003 - CONTROL NUMBER IDENTIFIER | |
| rucl marc code | BD-RjUL |
| 005 - DATE AND TIME OF LATEST TRANSACTION | |
| control field | 20211209082113.0 |
| 008 - FIXED-LENGTH DATA ELEMENTS--GENERAL INFORMATION | |
| fixed length control field | 170502s2006 bg ||||| b||| 00| 0 ben d |
| 020 ## - INTERNATIONAL STANDARD BOOK NUMBER | |
| International Standard Book Number | 9843230531 |
| Terms of availability | Tk. 120.00 |
| 035 ## - SYSTEM CONTROL NUMBER | |
| System control number | (BD-RjUL)71550 |
| 040 ## - CATALOGING SOURCE | |
| Original cataloging agency | BD-RjUL |
| Language of cataloging | ben |
| Transcribing agency | BD-RjUL |
| 041 ## - LANGUAGE CODE | |
| Language code of text/sound track or separate title | ben |
| 082 ## - DEWEY DECIMAL CLASSIFICATION NUMBER | |
| Edition number | 23 |
| Classification number | 338.95492 |
| Author mark and year | BHB 2006 |
| 100 ## - MAIN ENTRY--PERSONAL NAME | |
| Personal name | ভট্রাচার্য, দেবপ্রিয় |
| 9 (RLIN) | 211094 |
| 245 ## - TITLE STATEMENT | |
| Title | বাংলাদেশের দারিদ্র্য নিরসনে কৌশলপত্র(পিআরএসপি) : |
| Remainder of title | মূল প্রতিপাদ্য ও বাস্তবায়নের চ্যালেঞ্জ / |
| Statement of responsibility, etc. | দেবপ্রিয় ভট্রাচার্য, সাঈদ আহমেদ এবং সেন্টার ফর পলিসি ডায়ালগ |
| 260 ## - PUBLICATION, DISTRIBUTION, ETC. (IMPRINT) | |
| Place of publication, distribution, etc. | ঢাকা : |
| Name of publisher, distributor, etc. | সেন্টার ফর পলিসি ডায়ালগ, |
| Date of publication, distribution, etc. | ২০০৬ |
| 300 ## - PHYSICAL DESCRIPTION | |
| Pagination | ১১২ পৃ. ; |
| Size | ২৩ সেমি. |
| 504 ## - BIBLIOGRAPHY, ETC. NOTE | |
| Bibliography, etc | গ্রন্থপঞ্জি পৃ. ৭৯-৮৬ |
| 650 ## - SUBJECT ADDED ENTRY--TOPICAL TERM | |
| Topical term or geographic name as entry element | অর্থনৈতিক নীতি |
| Geographic subdivision | বাংলাদেশ |
| 9 (RLIN) | 211095 |
| Topical term or geographic name as entry element | Economic policy |
| Geographic subdivision | Bangladesh. |
| 9 (RLIN) | 155290 |
| 700 ## - ADDED ENTRY--PERSONAL NAME | |
| Personal name | আহমেদ, সাঈদ |
| Personal name | সেন্টার ফর পলিসি ডায়ালগ |
| 942 ## - ADDED ENTRY ELEMENTS (KOHA) | |
| Source of classification or shelving scheme | Dewey Decimal Classification |
| Koha item type | Books |
| Lost status | Source of classification or shelving scheme | Damaged status | Not for loan | Collection code | Permanent Location | Current Location | Shelving location | Date acquired | Source of acquisition | Total Checkouts | Full call number | Date last seen | Copy number | Koha item type |
|---|---|---|---|---|---|---|---|---|---|---|---|---|---|---|
| Dewey Decimal Classification | Not For Loan | Non-fiction | Central Library, University of Rajshahi | Central Library, University of Rajshahi | Reading Room | 24/09/2006 | N/A | B 338.95492 BHB 2006 | 02/05/2017 | C-1 | Books |